Science Quiz

Random Science or Chemistry Quiz

Element Symbol First Letters Blitz Quiz Stats

 Plays Quiz Updated Jan 5, 2018

Challenge
Share
Tweet
Embed
Score 0/118 Timer 01:00
10 Plays Today
Letter Element % Correct
CCarbon (C)
95.1%
CCalcium (Ca)
95%
CCadmium (Cd)
95%
CCerium (Ce)
95%
CCalifornium (Cf)
95%
CChlorine (Cl)
95%
CCurium (Cm)
95%
CCopernicium (Cn)
95%
CCobalt (Co)
95%
CChromium (Cr)
95%
CCesium (Cs)
95%
CCopper (Cu)
95%
AActinium (Ac)
94.3%
ASilver (Ag)
94.3%
AAluminum (Al)
94.3%
AAmericium (Am)
94.3%
AArgon (Ar)
94.3%
AArsenic (As)
94.3%
AAstatine (At)
94.3%
AGold (Au)
94.3%
BBoron (B)
90.3%
BBarium (Ba)
90.3%
BBeryllium (Be)
90.3%
BBohrium (Bh)
90.3%
BBismuth (Bi)
90.3%
BBerkelium (Bk)
90.3%
BBromine (Br)
90.3%
HHelium (He)
83.3%
HHafnium (Hf)
83.3%
HHydrogen (H)
83.3%
HMercury (Hg)
83.3%
HHolmium (Ho)
83.3%
HHassium (Hs)
83.3%
FFluorine (F)
76.8%
FIron (Fe)
76.8%
FFlerovium (Fl)
76.8%
FFermium (Fm)
76.8%
FFrancium (Fr)
76.8%
NNitrogen (N)
72.3%
NSodium (Na)
72.3%
Letter Element % Correct
NNiobium (Nb)
72.3%
NNeodymium (Nd)
72.3%
NNeon (Ne)
72.3%
NNihonium (Nh)
72.3%
NNickel (Ni)
72.3%
NNobelium (No)
72.3%
NNeptunium (Np)
72.3%
KPotassium (K)
69%
KKrypton (Kr)
69%
IIodine (I)
68.2%
IIndium (In)
68.2%
IIridium (Ir)
68.2%
OOxygen (O)
67.4%
OOganesson (Og)
67.4%
OOsmium (Os)
67.4%
MMoscovium (Mc)
57.6%
MMendelevium (Md)
57.6%
MMagnesium (Mg)
57.6%
MManganese (Mn)
57.6%
MMolybdenum (Mo)
57.6%
MMeitnerium (Mt)
57.6%
PPhosphorus (P)
57.3%
PProtactinium (Pa)
57.3%
PLead (Pb)
57.3%
PPalladium (Pd)
57.3%
PPromethium (Pm)
57.3%
PPolonium (Po)
57.3%
PPraseodymium (Pr)
57.3%
PPlatinum (Pt)
57.3%
PPlutonium (Pu)
57.3%
LLanthanum (La)
55.8%
LLithium (Li)
55.8%
LLawrencium (Lr)
55.8%
LLutetium (Lu)
55.8%
LLivermorium (Lv)
55.8%
SSelenium (Se)
51.6%
SSulfur (S)
51.6%
SAntimony (Sb)
51.6%
SScandium (Sc)
51.6%
SSeaborgium (Sg)
51.6%
Letter Element % Correct
SSilicon (Si)
51.6%
SSamarium (Sm)
51.6%
STin (Sn)
51.6%
SStrontium (Sr)
51.6%
EErbium (Er)
50.1%
EEuropium (Eu)
50.1%
EEinsteinium (Es)
50.1%
GGallium (Ga)
49.8%
GGadolinium (Gd)
49.8%
GGermanium (Ge)
49.8%
RRadium (Ra)
45.3%
RRubidium (Rb)
45.3%
RRhenium (Re)
45.3%
RRutherfordium (Rf)
45.3%
RRoentgenium (Rg)
45.3%
RRhodium (Rh)
45.3%
RRadon (Rn)
45.3%
RRuthenium (Ru)
45.3%
UUranium (U)
37%
TTantalum (Ta)
30.6%
TTerbium (Tb)
30.6%
TTechnetium (Tc)
30.6%
TTellurium (Te)
30.6%
TThorium (Th)
30.6%
TTitanium (Ti)
30.6%
TThallium (Tl)
30.6%
TThulium (Tm)
30.6%
TTennessine (Ts)
30.6%
XXenon (Xe)
29.9%
ZZinc (Zn)
28.3%
ZZirconium (Zr)
28.3%
DDubnium (Db)
27.5%
DDarmstadtium (Ds)
27.5%
DDysprosium (Dy)
27.5%
WTungsten (W)
27.5%
VVanadium (V)
23.9%
YYttrium (Y)
21.8%
YYtterbium (Yb)
21.8%

You're not logged in!

Compare scores with friends on all Sporcle quizzes.
OR
Log In

You Might Also Like...

Show Comments

Extras

Top Quizzes Today


Score Distribution

Your Account Isn't Verified!

In order to create a playlist on Sporcle, you need to verify the email address you used during registration. Go to your Sporcle Settings to finish the process.

Report this User

Report this user for behavior that violates our Community Guidelines.

Details: